| 000 | 01650nam a22004217a 4500 | ||
|---|---|---|---|
| 001 | 768714001 | ||
| 003 | CO-MdFUSB | ||
| 005 | 20190202100522.0 | ||
| 008 | 170126t2010 ag ||||g |||| 00| 0 spa d | ||
| 020 | _a9875572330 (10) | ||
| 020 | _a9789875572331 (13) | ||
| 040 |
_aCO-MdFUSB _bspa _cCO-MdFUSB _dCO-MdFUSB _erda |
||
| 041 | _aspa | ||
| 082 |
_224 _a248.4 _bF754r |
||
| 100 |
_aFoster, Richard J. _d1942 _eautor |
||
| 245 |
_aRíos de agua viva _b: el retorno a la fuente de la renovación _c/ Richard J. Foster ; |
||
| 264 | 1 |
_aBuenos Aires, Argentina : _bPeniel, _c℗[2010] |
|
| 264 | 4 | _c©2010 | |
| 300 |
_b: _c; 23 cm. |
||
| 336 |
_2rdacontent _a1 _ba1 |
||
| 337 |
_2rdamedia _a2 _b5 |
||
| 338 |
_2rdacarrier _a2 _b5 |
||
| 504 | _aIncluye bibliografía (páginas 375-408) | ||
| 504 | _aIncluye apéndice A y B | ||
| 505 | _aImitatio: el divino paradigma | ||
| 505 | _aLa tradición contemplativa: descubrir la vida de oración | ||
| 505 | _aLa tradición de la santidad: descubrir la vida virtuosa | ||
| 505 | _aLa tradición carismática: descubrir la vida de poder en el Espíritu Santo | ||
| 505 | _aLa tradiciónde la justicia social: descubrir la vida decompasión | ||
| 505 | _aLa tradición evangélica: descubrir la vida centrada en la palabra | ||
| 505 | _aLa tradición de la encarnación: descubrir la vida sacramental | ||
| 534 |
_cStream of living water: Celebrating the great traditions of Christian Faith _pTítulo original: |
||
| 650 | 0 |
_aTeología práctica _9180 |
|
| 650 | 0 |
_919 _aVida cristiana |
|
| 650 | 0 |
_aVida espiritual _951 |
|
| 700 |
_aFörster Handley, Karin _etraductor _9701 |
||
| 942 | _cBK | ||
| 999 |
_c63785 _d63785 |
||